[Event "FIDE-Wch k.o. (Women)"]
[Site "Elista RUS"]
[Date "2004.05.25"]
[Round "2.3"]
[White "Lahno, Kateryna"]
[Black "Polovnikova, Ekaterina"]
[Result "1/2-1/2"]
[WhiteElo "2493"]
[BlackElo "2406"]
[EventDate "2004.05.22"]
[PlyCount "64"]

1.e4 e5 2.Nf3 Nf6 3.Nxe5 d6 4.Nf3 Nxe4 5.d4 d5 6.Bd3 Bd6 7.O-O O-O 8.c4 c6
9.Re1 Bf5 10.Qc2 Bg6 11.Nc3 Nxc3 12.Bxg6 hxg6 13.Qxc3 dxc4 14.Qxc4 Nd7 15.
Bd2 Nb6 16.Qb3 Qd7 17.Rad1 Nd5 18.Ne5 Qc7 19.Qh3 Rfe8 20.Nf3 Rxe1+ 21.Rxe1
Qc8 22.Qh4 f6 23.Qe4 Qf5 24.Qe2 g5 25.h3 Nc7 26.Qc4+ Qd5 27.Qd3 Re8 28.
Rxe8+ Nxe8 29.b3 Nc7 30.Qg6 Qf7 31.Qf5 Qe6 32.Qg6 Qf7 1/2-1/2

[Event "FIDE-Wch k.o. (Women)"]
[Site "Elista RUS"]
[Date "2004.05.25"]
[Round "2.4"]
[White "Polovnikova, Ekaterina"]
[Black "Lahno, Kateryna"]
[Result "1/2-1/2"]
[WhiteElo "2406"]
[BlackElo "2493"]
[EventDate "2004.05.22"]
[PlyCount "175"]

1.d4 Nf6 2.c4 e6 3.g3 d5 4.Bg2 dxc4 5.Nf3 Nc6 6.Qa4 Bb4+ 7.Bd2 Nd5 8.Bxb4 
Nxb4 9.Ne5 Rb8 10.Nxc6 Nxc6 11.e3 O-O 12.Qxc4 e5 13.d5 Ne7 14.Nc3 c6 15.
O-O cxd5 16.Nxd5 Be6 17.Rfd1 Nxd5 18.Bxd5 Bxd5 19.Rxd5 Qe7 20.Qc5 Qxc5 21.
Rxc5 f6 22.Rd1 Rf7 23.Kg2 Re7 24.Kf3 Kf7 25.Rd6 b6 26.Rcc6 Rbb7 27.Ke4 
Red7 28.Kd5 Ke7 29.f4 exf4 30.exf4 Rxd6+ 31.Rxd6 Rc7 32.Rc6 Rd7+ 33.Ke4 
Kd8 34.Rc2 Rd1 35.h4 Kd7 36.g4 Re1+ 37.Kf5 Rd1 38.g5 Rd6 39.h5 fxg5 40.
Kxg5 Rd1 41.Rg2 Ke7 42.Kf5 Kf7 43.Rc2 Rd5+ 44.Kg4 Rd7 45.Rc6 Re7 46.b4 Rd7
47.b5 Re7 48.a4 Rd7 49.Kg5 Rd5+ 50.Kg4 Rd7 51.Kf5 Re7 52.Rc8 Rd7 53.Ke5 
Ke7 54.h6 Kf7 55.hxg7 Kxg7 56.Ke6 Rf7 57.f5 Rf6+ 58.Ke5 Rf7 59.Rc6 Re7+ 
60.Kf4 Rf7 61.Kg5 Rd7 62.Re6 Rc7 63.Rd6 Kf7 64.Rh6 Kg7 65.Rh4 Rc5 66.Rd4 
Rc7 67.Kf4 Kf6 68.Rd6+ Kf7 69.Rh6 Kg7 70.Rc6 Rd7 71.Ke5 Kf7 72.Rh6 Kg7 73.
Rh4 Re7+ 74.Kd6 Re1 75.Kc6 Re7 76.Kd6 Re1 77.f6+ Kg6 78.Kc6 Re6+ 79.Kb7 
Rxf6 80.Kxa7 h5 81.Rc4 Kg5 82.Rc6 Rf4 83.a5 bxa5 84.b6 h4 85.b7 Rf7 86.
Rc5+ Kg4 87.Rxa5 h3 88.Ra2 1/2-1/2

[Event "FIDE-Wch k.o. (Women)"]
[Site "Elista RUS"]
[Date "2004.05.25"]
[Round "2.5"]
[White "Lahno, Kateryna"]
[Black "Polovnikova, Ekaterina"]
[Result "1-0"]
[WhiteElo "2493"]
[BlackElo "2406"]
[EventDate "2004.05.22"]
[PlyCount "65"]

1.e4 e5 2.Nf3 Nf6 3.Nxe5 d6 4.Nf3 Nxe4 5.Bd3 Nf6 6.c3 Be7 7.Bc2 O-O 8.d4 
b6 9.O-O Bb7 10.Nbd2 Nbd7 11.Re1 Re8 12.Nf1 Bf8 13.Be3 g6 14.Ng3 Bg7 15.h3
Nf8 16.Nh2 Qd7 17.Qd2 Ne4 18.Bxe4 Bxe4 19.Bh6 f5 20.Nxe4 fxe4 21.Ng4 Qf5 
22.Bxg7 Kxg7 23.Qh6+ Kh8 24.Re3 d5 25.Rae1 Ne6 26.f3 exf3 27.Rxf3 Qg5 28.
Rxe6 Qxh6 29.Rxe8+ Rxe8 30.Nxh6 Kg7 31.Ng4 Re1+ 32.Rf1 Re2 33.Rf2 1-0

[Event "FIDE-Wch k.o. (Women)"]
[Site "Elista RUS"]
[Date "2004.05.25"]
[Round "2.6"]
[White "Polovnikova, Ekaterina"]
[Black "Lahno, Kateryna"]
[Result "1-0"]
[WhiteElo "2406"]
[BlackElo "2493"]
[EventDate "2004.05.22"]
[PlyCount "79"]

1.d4 Nf6 2.c4 e6 3.g3 d5 4.Bg2 dxc4 5.Nf3 Nc6 6.Qa4 Bb4+ 7.Bd2 Nd5 8.Bxb4 
Nxb4 9.O-O Rb8 10.Na3 O-O 11.e3 Bd7 12.Qb5 Nd5 13.Qxc4 Nb6 14.Qc5 a6 15.
Rac1 Rc8 16.b3 Re8 17.Rfd1 Qf6 18.Ne5 Red8 19.Nxc6 Bxc6 20.Bxc6 bxc6 21.
Qxc6 Nd5 22.Qc5 Qf3 23.Nc4 h5 24.Ne5 Qe4 25.Qc2 Qxc2 26.Rxc2 f6 27.Nc6 Rd7
28.e4 Nb6 29.a4 Re8 30.a5 Nc8 31.Nb4 e5 32.d5 Nd6 33.Nxa6 Nxe4 34.b4 Ree7 
35.Rdc1 Rxd5 36.Nxc7 Rd3 37.b5 Ra3 38.a6 Rd7 39.b6 Rd6 40.a7 1-0

[Event "FIDE-Wch k.o. (Women)"]
[Site "Elista RUS"]
[Date "2004.05.24"]
[Round "2.1"]
[White "Dzagnidze, Nana"]
[Black "Radziewicz, Iweta"]
[Result "1-0"]
[WhiteElo "2452"]
[BlackElo "2444"]
[EventDate "2004.05.22"]
[PlyCount "37"]

1.d4 e6 2.Nf3 b6 3.e4 Bb7 4.Bd3 g6 5.Bg5 f6 6.Bh4 Qe7 7.O-O g5 8.Bg3 d6 9.
Nc3 Bg7 10.Re1 Nh6 11.h4 Nf7 12.e5 fxe5 13.dxe5 d5 14.hxg5 Nxg5 15.Nxg5 
Qxg5 16.Nb5 Na6 17.Nd4 Qh6 18.Qg4 Nc5 19.Bf4 1-0

[Event "FIDE-Wch k.o. (Women)"]
[Site "Elista RUS"]
[Date "2004.05.25"]
[Round "2.2"]
[White "Radziewicz, Iweta"]
[Black "Dzagnidze, Nana"]
[Result "1/2-1/2"]
[WhiteElo "2444"]
[BlackElo "2452"]
[EventDate "2004.05.22"]
[PlyCount "70"]

1.d4 Nf6 2.c4 e6 3.Nf3 b6 4.a3 Ba6 5.Qc2 Bb7 6.Nc3 c5 7.e4 cxd4 8.Nxd4 Nc6
9.Nxc6 Bxc6 10.Bf4 Nh5 11.Be3 Bc5 12.Qd2 Bxe3 13.Qxe3 e5 14.g3 f5 15.Bh3 
O-O 16.O-O-O fxe4 17.Bg4 Nf6 18.Be2 Qe7 19.Rd2 Qe6 20.Re1 Rac8 21.Kb1 Kh8 
22.Ka1 h6 23.h4 Rf7 24.Red1 Ng4 25.Bxg4 Qxg4 26.Rd6 Rf3 27.Rxh6+ Kg8 28.
Rxc6 Rxc6 29.Qe2 Rg6 30.h5 Rgf6 31.Qxe4 Qxe4 32.Nxe4 Rc6 33.c5 Rf7 34.b4 
d5 35.cxb6 axb6 1/2-1/2

[Event "FIDE-Wch k.o. (Women)"]
[Site "Elista RUS"]
[Date "2004.05.24"]
[Round "2.1"]
[White "Alexandrova, Olga"]
[Black "Kovalevskaya, Ekaterina"]
[Result "1/2-1/2"]
[WhiteElo "2430"]
[BlackElo "2467"]
[EventDate "2004.05.22"]
[PlyCount "123"]

1.d4 d5 2.c4 c6 3.cxd5 cxd5 4.Nf3 Nf6 5.Nc3 a6 6.Bf4 Nc6 7.e3 Bg4 8.h3 
Bxf3 9.Qxf3 e6 10.Bd3 h6 11.O-O Bd6 12.Rfc1 O-O 13.Na4 Bxf4 14.Qxf4 Qe7 
15.a3 Nd7 16.b4 Rfc8 17.Rc3 e5 18.dxe5 Ncxe5 19.Bf5 Qf6 20.Bxd7 Qxf4 21.
exf4 Nxd7 22.Rd3 a5 23.Nc3 Nf6 24.b5 Rc5 25.Rad1 d4 26.Ne2 Rxb5 27.Rxd4 
Kf8 28.Rc4 Rd5 29.Rxd5 Nxd5 30.Rc5 Nf6 31.Rb5 Ra7 32.Nc3 Ke8 33.g4 Kd7 34.
g5 hxg5 35.fxg5 Ne8 36.Rb6 a4 37.h4 Nc7 38.h5 Ra5 39.f4 Rc5 40.Nxa4 Rc4 
41.Rb4 Rxb4 42.axb4 Ke7 43.Nc3 Ne6 44.Ne2 f6 45.g6 f5 46.Kf2 Nc7 47.Nc3 
Ke6 48.Ke3 Ne8 49.Ne2 Nf6 50.Nd4+ Kd5 51.Nxf5 Nxh5 52.Nh4 Nf6 53.Kf3 Ke6 
54.b5 Nd5 55.Kg4 Kf6 56.f5 Ne3+ 57.Kf4 Nd5+ 58.Kg4 Ne3+ 59.Kf4 Nd5+ 60.Kg4
Ne3+ 61.Kf4 Nd5+ 62.Kg4 1/2-1/2

[Event "FIDE-Wch k.o. (Women)"]
[Site "Elista RUS"]
[Date "2004.05.25"]
[Round "2.2"]
[White "Kovalevskaya, Ekaterina"]
[Black "Alexandrova, Olga"]
[Result "1-0"]
[WhiteElo "2467"]
[BlackElo "2430"]
[EventDate "2004.05.22"]
[PlyCount "127"]

1.e4 e6 2.d4 d5 3.Nd2 dxe4 4.Nxe4 Nd7 5.Nf3 Ngf6 6.Nxf6+ Nxf6 7.c3 Be7 8.
Bd3 O-O 9.Qe2 c5 10.dxc5 Bxc5 11.Bg5 Be7 12.h4 Qa5 13.a3 Rd8 14.Ne5 Bd7 
15.Ng4 Bc6 16.Bxf6 Bxf6 17.Nxf6+ gxf6 18.O-O-O Rac8 19.Bc2 Bd5 20.Rh3 Kf8 
21.Rg3 b5 22.Qg4 Rc4 23.Qg7+ Ke7 24.Qxh7 b4 25.Rg7 bxc3 26.Rxf7+ Kd6 27.
Rxa7 cxb2+ 28.Kb1 Qb6 29.Rb7 Qxf2 30.Rxb2 Rc7 31.Qe4 Ke7 32.Qb4+ Rd6 33.
Be4 Bxe4+ 34.Ka1 Qc5 35.Rxd6 Qxb4 36.Rxb4 Kxd6 37.Rxe4 Rc3 38.Kb2 Rg3 39.
Re2 Rg4 40.h5 f5 41.Kb3 Rh4 42.a4 Rxh5 43.a5 Rh1 44.Ra2 Rb1+ 45.Kc4 Rc1+ 
46.Kd3 Ke5 47.a6 Rc8 48.a7 Ra8 49.Ke3 Kf6 50.Ra6 Ke5 51.Kf3 Kd5 52.Kf4 Kd4
53.Ra4+ Kd5 54.g3 Kd6 55.Ra5 Kd7 56.Ke5 Ke7 57.Ra3 Kf7 58.Ra6 Kg6 59.Rxe6+
Kf7 60.Ra6 Ke7 61.Kxf5 Kd7 62.g4 Kc7 63.Rf6 Kb7 64.Rf7+ 1-0

[Event "FIDE-Wch k.o. (Women)"]
[Site "Elista RUS"]
[Date "2004.05.24"]
[Round "2.1"]
[White "Bojkovic, Natasa"]
[Black "Matveeva, Svetlana"]
[Result "1/2-1/2"]
[WhiteElo "2400"]
[BlackElo "2496"]
[EventDate "2004.05.22"]
[PlyCount "38"]

1.e4 e6 2.d4 d5 3.Nd2 Be7 4.c3 c5 5.dxc5 Bxc5 6.Ngf3 Nc6 7.Bd3 Nf6 8.Qe2 
Qc7 9.O-O b6 10.b4 Be7 11.a3 dxe4 12.Nxe4 Bb7 13.Bb2 Nxe4 14.Bxe4 Bf6 15.
c4 Bxb2 16.Qxb2 O-O 17.Rac1 Ne7 18.Bxb7 Qxb7 19.c5 Rac8 1/2-1/2

[Event "FIDE-Wch k.o. (Women)"]
[Site "Elista RUS"]
[Date "2004.05.25"]
[Round "2.2"]
[White "Matveeva, Svetlana"]
[Black "Bojkovic, Natasa"]
[Result "1/2-1/2"]
[WhiteElo "2496"]
[BlackElo "2400"]
[EventDate "2004.05.22"]
[PlyCount "160"]

1.d4 Nf6 2.c4 e6 3.Nc3 Bb4 4.Qc2 c5 5.dxc5 O-O 6.a3 Bxc5 7.Nf3 b6 8.Bf4 
Bb7 9.Rd1 Nc6 10.e3 Nh5 11.Bg3 h6 12.Qd2 Nxg3 13.hxg3 Qb8 14.g4 Ne5 15.
Nxe5 Qxe5 16.Rh5 f5 17.gxf5 Rxf5 18.Rxf5 Qxf5 19.Qxd7 Rf8 20.Qd2 Be7 21.
Qe2 Bh4 22.Rd2 Qg5 23.Qd3 Bxg2 24.Bxg2 Qxg2 25.Qf1 Qf3 26.Nd1 h5 27.Qe2 
Qh1+ 28.Qf1 Qh2 29.Qd3 Qg1+ 30.Qf1 Qg6 31.Qh3 Qg1+ 32.Qf1 Qh2 33.Qd3 Qg2 
34.Qf1 Qf3 35.Qe2 Qf7 36.Nc3 Qg6 37.Nd1 Rf5 38.Rd7 Bf6 39.f4 h4 40.Nf2 
Qg1+ 41.Qf1 Qg3 42.Rd3 Rc5 43.b3 b5 44.Qh3 Qxh3 45.Nxh3 bxc4 46.bxc4 Rxc4 
47.Ke2 Ra4 48.Kf3 Be7 49.Rd7 Kf8 50.Ng5 Bxg5 51.fxg5 h3 52.Kg3 Rxa3 53.
Kxh3 g6 54.Kg4 Rxe3 55.Rxa7 Re4+ 56.Kf3 Rd4 57.Kg3 e5 58.Ra5 Re4 59.Ra7 
Rf4 60.Rb7 Rf5 61.Kg4 Rf7 62.Rb8+ Kg7 63.Re8 Rf4+ 64.Kg3 Rf5 65.Re7+ Kf8 
66.Ra7 e4 67.Ra4 Rxg5+ 68.Kf4 Rf5+ 69.Kxe4 Kg7 70.Ra1 Kf6 71.Rb1 Kg7 72.
Ra1 Rf7 73.Rg1 Rf8 74.Ke5 Rf5+ 75.Ke4 Rf2 76.Ke3 Rf6 77.Ke4 Kf7 78.Ke5 
Rf5+ 79.Ke4 Kf6 80.Ra1 Rf2 1/2-1/2

[Event "FIDE-Wch k.o. (Women)"]
[Site "Elista RUS"]
[Date "2004.05.25"]
[Round "2.3"]
[White "Matveeva, Svetlana"]
[Black "Bojkovic, Natasa"]
[Result "1/2-1/2"]
[WhiteElo "2496"]
[BlackElo "2400"]
[EventDate "2004.05.22"]
[PlyCount "69"]

1.d4 Nf6 2.c4 e6 3.Nc3 Bb4 4.Qc2 O-O 5.a3 Bxc3+ 6.Qxc3 b6 7.Nf3 Bb7 8.e3 
d6 9.Be2 Nbd7 10.O-O Qe7 11.b4 c5 12.Bb2 Rfc8 13.dxc5 dxc5 14.b5 Ne8 15.a4
a5 16.Rad1 f6 17.Rd2 Nf8 18.Rfd1 Rd8 19.Qc2 Nd6 20.Ne1 Be4 21.Bd3 Bb7 22.
Bf1 Rd7 23.f3 Rad8 24.Rd3 Qe8 25.R3d2 Qe7 26.Qc3 Ng6 27.Nc2 Ne5 28.Be2 Qe8
29.Ne1 Qe7 30.Qb3 Ng6 31.Qc2 Nf8 32.Rd3 Qe8 33.R3d2 Qe7 34.Rd3 Qe8 35.R3d2
1/2-1/2

[Event "FIDE-Wch k.o. (Women)"]
[Site "Elista RUS"]
[Date "2004.05.25"]
[Round "2.4"]
[White "Bojkovic, Natasa"]
[Black "Matveeva, Svetlana"]
[Result "1-0"]
[WhiteElo "2400"]
[BlackElo "2496"]
[EventDate "2004.05.22"]
[PlyCount "59"]

1.e4 e6 2.d4 d5 3.Nd2 Be7 4.Ngf3 Nf6 5.exd5 exd5 6.Bd3 Bg4 7.c3 c6 8.Qc2 
Bh5 9.Ne5 Bg6 10.O-O Nbd7 11.Re1 O-O 12.Nxg6 hxg6 13.Nf3 Bd6 14.Bg5 Qc7 
15.Re2 Rfe8 16.Rae1 Rxe2 17.Rxe2 Re8 18.g3 Rxe2 19.Qxe2 Kf8 20.Bd2 Qa5 21.
a3 Qb6 22.Bc1 Qc7 23.Ng5 c5 24.Bxg6 cxd4 25.Bxf7 d3 26.Qxd3 Ne5 27.Qf5 Qc6
28.Bh5 Qa6 29.Bf4 Nc4 30.Qe6 1-0

[Event "FIDE-Wch k.o. (Women)"]
[Site "Elista RUS"]
[Date "2004.05.24"]
[Round "2.1"]
[White "Kosintseva, Nadezhda"]
[Black "Zhukova, Natalia"]
[Result "0-1"]
[WhiteElo "2425"]
[BlackElo "2471"]
[EventDate "2004.05.22"]
[PlyCount "100"]

1.e4 e6 2.d4 d5 3.Nc3 Nf6 4.e5 Nfd7 5.f4 c5 6.Nf3 Nc6 7.Ne2 Qb6 8.c3 f6 9.
g3 Be7 10.Bh3 O-O 11.Rf1 Kh8 12.Rb1 a5 13.g4 Qc7 14.g5 b6 15.Be3 f5 16.g6 
hxg6 17.Rg1 Kh7 18.Ng5+ Bxg5 19.Rxg5 Rh8 20.Ng1 cxd4 21.cxd4 Ba6 22.a3 a4 
23.Rc1 Bc4 24.Qf3 b5 25.Bf1 Nf8 26.h4 Kg8 27.Qg3 Rh6 28.Nf3 Qf7 29.Qf2 Nh7
30.Rg1 Qe7 31.Be2 Kf7 32.Bd2 Rh8 33.Kf1 Nf8 34.Be1 Nd7 35.Rg5 Nb6 36.Qg3 
Bxe2+ 37.Kxe2 Nc4 38.Bc3 b4 39.axb4 Qb7 40.Rg1 Qa6 41.Kf2 Ne7 42.h5 a3 43.
b3 Nb2 44.Nh4 Rxh5 45.Rxh5 Rxh5 46.Nxg6 Qd3 47.Nxe7 Nd1+ 48.Rxd1 Qxd1 49.
Qg6+ Kf8 50.Be1 Rh1 0-1

[Event "FIDE-Wch k.o. (Women)"]
[Site "Elista RUS"]
[Date "2004.05.25"]
[Round "2.2"]
[White "Zhukova, Natalia"]
[Black "Kosintseva, Nadezhda"]
[Result "0-1"]
[WhiteElo "2471"]
[BlackElo "2425"]
[EventDate "2004.05.22"]
[PlyCount "68"]

1.d4 Nf6 2.Nf3 d5 3.c4 e6 4.Nc3 dxc4 5.e3 a6 6.a4 c5 7.Bxc4 Nc6 8.O-O Qc7 
9.d5 exd5 10.Nxd5 Nxd5 11.Qxd5 Qe7 12.Bd2 Bg4 13.Bc3 f6 14.Nd2 Rd8 15.Qe4 
Qxe4 16.Nxe4 Be7 17.Ng3 h5 18.h4 Ne5 19.Bxe5 fxe5 20.Ne4 Bf5 21.f3 Rh6 22.
Rac1 Bxh4 23.Nxc5 Rd2 24.e4 Rg6 25.g4 Bc8 26.Nd3 Bg3 27.Bd5 Bd7 28.Nc5 
hxg4 29.Nxd7 Bh2+ 30.Kh1 g3 31.Rg1 Bxg1 32.Nxe5 Bc5 33.Bf7+ Kd8 34.Ng4 g2+
0-1

[Event "FIDE-Wch k.o. (Women)"]
[Site "Elista RUS"]
[Date "2004.05.25"]
[Round "2.3"]
[White "Zhukova, Natalia"]
[Black "Kosintseva, Nadezhda"]
[Result "1/2-1/2"]
[WhiteElo "2471"]
[BlackElo "2425"]
[EventDate "2004.05.22"]
[PlyCount "135"]

1.d4 Nf6 2.Nf3 d5 3.c4 e6 4.Nc3 dxc4 5.e4 Bb4 6.Bg5 c5 7.e5 cxd4 8.Qa4+ 
Nc6 9.O-O-O Bd7 10.Ne4 Be7 11.exf6 gxf6 12.Bh4 Rc8 13.Kb1 e5 14.Bxc4 a6 
15.Bd3 O-O 16.Rc1 f5 17.Bxe7 Qxe7 18.Nc5 e4 19.Bxe4 fxe4 20.Nxd4 b5 21.
Nxc6 Bxc6 22.Qa3 Bd5 23.Rhe1 f5 24.Red1 Bc4 25.Rd7 Qxd7 26.Nxd7 Bd3+ 27.
Qxd3 exd3 28.Nxf8 Rxf8 29.Rc3 Rd8 30.Kc1 b4 31.Rc5 Re8 32.Rxf5 Re2 33.b3 
Rxa2 34.Rf3 Rc2+ 35.Kd1 a5 36.Rxd3 Rxf2 37.Rd2 Rf1+ 38.Kc2 Kf7 39.Kd3 Rc1 
40.Rc2 Ra1 41.Kc4 a4 42.Kxb4 axb3 43.Kxb3 Kg6 44.Kc3 Rh1 45.h3 h5 46.Kd3 
Re1 47.Re2 Ra1 48.Ke3 Ra6 49.Kf4 Rf6+ 50.Ke5 Ra6 51.Re3 Ra5+ 52.Kf4 Ra4+ 
53.Re4 Ra6 54.h4 Rb6 55.Rd4 Ra6 56.Ke5 Ra5+ 57.Kf4 Ra6 58.Rd5 Ra4+ 59.Kg3 
Ra3+ 60.Kh2 Ra4 61.Kh3 Ra3+ 62.g3 Ra6 63.Rg5+ Kh6 64.Re5 Kg6 65.Kg2 Rf6 
66.Re4 Rf5 67.Rf4 Ra5 68.Rd4 1/2-1/2

[Event "FIDE-Wch k.o. (Women)"]
[Site "Elista RUS"]
[Date "2004.05.25"]
[Round "2.4"]
[White "Kosintseva, Nadezhda"]
[Black "Zhukova, Natalia"]
[Result "1/2-1/2"]
[WhiteElo "2425"]
[BlackElo "2471"]
[EventDate "2004.05.22"]
[PlyCount "46"]

1.e4 e6 2.d4 d5 3.Nd2 Nf6 4.Bd3 c5 5.c3 Nc6 6.Ngf3 cxd4 7.cxd4 dxe4 8.Nxe4
Be7 9.O-O O-O 10.Be3 Nb4 11.Nxf6+ Bxf6 12.Be4 Nd5 13.Qd3 h6 14.Ne5 Bd7 15.
Bd2 Bc6 16.Rfe1 Ne7 17.Bb4 Bxe4 18.Qxe4 Re8 19.Qxb7 Rb8 20.Bxe7 Rxb7 21.
Bxd8 Rxd8 22.Nc4 Bxd4 23.Rad1 Rd5 1/2-1/2

[Event "FIDE-Wch k.o. (Women)"]
[Site "Elista RUS"]
[Date "2004.05.25"]
[Round "2.5"]
[White "Kosintseva, Nadezhda"]
[Black "Zhukova, Natalia"]
[Result "1/2-1/2"]
[WhiteElo "2425"]
[BlackElo "2471"]
[EventDate "2004.05.22"]
[PlyCount "115"]

1.e4 d5 2.exd5 Qxd5 3.Nc3 Qa5 4.d4 c6 5.Nf3 Bf5 6.Bc4 e6 7.O-O Nf6 8.Qe2 
Bb4 9.Bb3 O-O 10.Bd2 Nbd7 11.a3 Bxc3 12.Bxc3 Qc7 13.Bd2 c5 14.Rac1 Rac8 
15.c4 Bg4 16.dxc5 Nxc5 17.Bc2 Qc6 18.b4 Nce4 19.Bxe4 Nxe4 20.Bf4 Nd6 21.
Bxd6 Qxd6 22.Qe4 Bxf3 23.Qxf3 b6 24.Rfd1 Qe5 25.h3 Rc7 26.Rc3 h6 27.Rdc1 
Rfc8 28.Qd3 Qg5 29.Qd6 Rc6 30.Qd7 R6c7 31.Qd3 Qe5 32.Qc2 Qg5 33.c5 bxc5 
34.bxc5 Rc6 35.Rc4 Qe5 36.a4 Qg5 37.Qc3 Qd5 38.Qb4 Qe5 39.Qa5 a6 40.Qb4 
Qd5 41.Qc3 e5 42.Qe3 f5 43.R4c3 Rg6 44.f3 Rgc6 45.R1c2 Rd8 46.Kh2 Qd4 47.
Qxd4 exd4 48.Rd3 Rd5 49.Rc4 Rcxc5 50.Rxc5 Rxc5 51.Rxd4 a5 52.f4 Kf7 53.
Rd7+ Kf6 54.Ra7 Rc4 55.Ra6+ Kf7 56.Rxa5 Rxf4 57.Ra8 Rf1 58.a5 1/2-1/2

[Event "FIDE-Wch k.o. (Women)"]
[Site "Elista RUS"]
[Date "2004.05.25"]
[Round "2.6"]
[White "Zhukova, Natalia"]
[Black "Kosintseva, Nadezhda"]
[Result "1/2-1/2"]
[WhiteElo "2471"]
[BlackElo "2425"]
[EventDate "2004.05.22"]
[PlyCount "87"]

1.d4 f5 2.g3 Nf6 3.Bg2 g6 4.Nf3 Bg7 5.O-O O-O 6.c4 d6 7.Nc3 c6 8.d5 e5 9.
e4 Na6 10.exf5 Bxf5 11.Ng5 Qd7 12.dxc6 bxc6 13.Qa4 Nb8 14.Rd1 Bg4 15.f3 
Bf5 16.g4 Be6 17.Nce4 Nxe4 18.Nxe4 d5 19.Nc5 Qe7 20.Nxe6 Qxe6 21.cxd5 cxd5
22.Qb3 Nc6 23.f4 Ne7 24.f5 gxf5 25.Bg5 e4 26.Bxe7 Qxe7 27.Qxd5+ Kh8 28.
gxf5 e3 29.Re1 Rad8 30.Qe6 Qg5 31.Kh1 Rd2 32.Qe4 Rxb2 33.Rac1 Qxf5 34.Qxf5
Rxf5 35.Rxe3 Rf8 36.Ra3 Bd4 37.Ra4 Bb6 38.Rf1 Rxf1+ 39.Bxf1 h6 40.h3 Kg7 
41.Rg4+ Kf6 42.Bc4 Be3 43.Re4 Bb6 44.Re2 1/2-1/2

[Event "FIDE-Wch k.o. (Women)"]
[Site "Elista RUS"]
[Date "2004.05.25"]
[Round "2.7"]
[White "Zhukova, Natalia"]
[Black "Kosintseva, Nadezhda"]
[Result "1-0"]
[WhiteElo "2471"]
[BlackElo "2425"]
[EventDate "2004.05.22"]
[PlyCount "79"]

1.d4 Nf6 2.Nf3 d5 3.c4 e6 4.Nc3 dxc4 5.e3 a6 6.a4 c5 7.Bxc4 Nc6 8.O-O Qc7 
9.Qe2 b6 10.Rd1 Bb7 11.h3 Bd6 12.d5 exd5 13.Nxd5 Nxd5 14.Bxd5 O-O 15.e4 
Rae8 16.Bd2 Nd4 17.Nxd4 Bxd5 18.Qxa6 Bxe4 19.Nb5 Bh2+ 20.Kh1 Qb8 21.Be3 
Be5 22.a5 Bxb2 23.Ra2 Qe5 24.axb6 Qe6 25.Kh2 Be5+ 26.f4 Bb8 27.Nc7 Bxc7 
28.bxc7 Qf5 29.Qb6 Bd5 30.Qxc5 Qe4 31.Rxd5 h5 32.Re5 Rxe5 33.Qxe5 Qc4 34.
Ra3 Rc8 35.Rc3 Qa6 36.Qxh5 Qd6 37.Qe5 Qd7 38.Bb6 f6 39.Qe4 Kh8 40.Rd3 1-0

[Event "FIDE-Wch k.o. (Women)"]
[Site "Elista RUS"]
[Date "2004.05.24"]
[Round "2.1"]
[White "Xu Yuhua"]
[Black "Danielian, Elina"]
[Result "1-0"]
[WhiteElo "2474"]
[BlackElo "2418"]
[EventDate "2004.05.22"]
[PlyCount "101"]

1.e4 e6 2.d4 d5 3.Nc3 dxe4 4.Nxe4 Nd7 5.Nf3 Ngf6 6.Nxf6+ Nxf6 7.c3 c5 8.
Be3 cxd4 9.Bxd4 Be7 10.Bd3 O-O 11.O-O Bd7 12.Ne5 Qc7 13.Qf3 Rfd8 14.Rfe1 
h6 15.Rad1 Be8 16.Ng4 Bc6 17.Qh3 Nxg4 18.Qxg4 Bf8 19.f4 Rd5 20.Bc2 Rad8 
21.Bb3 Ra5 22.Rxe6 Bd7 23.f5 fxe6 24.fxe6 Ba4 25.e7+ Bxb3 26.exd8=Q Qxd8 
27.axb3 Qe8 28.Qf3 Qf7 29.Qxf7+ Kxf7 30.b4 Ra2 31.Rd2 b5 32.Kf2 Be7 33.Kf3
Bg5 34.Re2 Bc1 35.Rc2 Bg5 36.Ke4 Ke6 37.Bxg7 Ra1 38.Re2 Rb1 39.Kd4+ Kd6 
40.Bf8+ Kc6 41.h4 Bxh4 42.Bxh6 Bd8 43.Bf4 Rg1 44.Ke4 Bb6 45.Kf5 Kd5 46.g4 
Rf1 47.Re5+ Kc4 48.g5 Kd3 49.g6 Rg1 50.Bg5 Rf1+ 51.Ke6 1-0

[Event "FIDE-Wch k.o. (Women)"]
[Site "Elista RUS"]
[Date "2004.05.25"]
[Round "2.2"]
[White "Danielian, Elina"]
[Black "Xu Yuhua"]
[Result "1/2-1/2"]
[WhiteElo "2418"]
[BlackElo "2474"]
[EventDate "2004.05.22"]
[PlyCount "160"]

1.d4 Nf6 2.Nf3 e6 3.e3 b6 4.Bd3 Bb7 5.O-O d5 6.c4 Bd6 7.Nc3 O-O 8.b3 Nbd7 
9.Bb2 a6 10.Rc1 Qe7 11.Bb1 Rad8 12.Qe2 Ne4 13.Qc2 f5 14.Ne2 g5 15.Ne5 Nef6
16.cxd5 Nxd5 17.Ng3 N7f6 18.Nc4 Ng4 19.Nxd6 cxd6 20.e4 Nf4 21.d5 fxe4 22.
Nxe4 Bxd5 23.Rce1 e5 24.f3 Nf6 25.Ng3 Ng6 26.Qd2 Nf4 27.Nf5 Qb7 28.Rf2 b5 
29.Ba3 Qb6 30.Ne7+ Kh8 31.Nxd5 N6xd5 32.Bb2 Rf7 33.Kh1 Rdf8 34.Rff1 Ne7 
35.Rd1 Rf6 36.Ba3 Rd8 37.Rfe1 Nc6 38.Qc2 Ng6 39.Qe4 Nd4 40.Bb2 Ne6 41.Qe3 
Qxe3 42.Rxe3 b4 43.g3 Ne7 44.f4 gxf4 45.gxf4 Nf5 46.Rxe5 dxe5 47.Rxd8+ 
Nxd8 48.Bxe5 Kg7 49.Bxf5 h6 50.Kg2 Kf7 51.Bxf6 Kxf6 52.Bd3 Ne6 53.Kf3 Nc5 
54.Ke3 a5 55.Kd4 Ne6+ 56.Ke3 Nc5 57.Bc4 Kf5 58.Kd4 Nd7 59.Bb5 Nf6 60.Bc6 
Kxf4 61.Kc5 Ng4 62.Kb6 Nxh2 63.Kxa5 Ke5 64.Kxb4 Kd6 65.Kb5 Ng4 66.a4 Ne5 
67.Be8 Kc7 68.Kc5 Nd3+ 69.Kd4 Nf4 70.a5 h5 71.Ke4 Ne2 72.Ke3 Nc1 73.b4 h4 
74.Bb5 Na2 75.Kd4 Nxb4 76.Kc5 h3 77.Bf1 h2 78.Bg2 Nd3+ 79.Kb5 Nf2 80.a6 
h1=Q 1/2-1/2

[Event "FIDE-Wch k.o. (Women)"]
[Site "Elista RUS"]
[Date "2004.05.24"]
[Round "2.1"]
[White "Mkrtchian, Lilit"]
[Black "Cramling, Pia"]
[Result "1/2-1/2"]
[WhiteElo "2387"]
[BlackElo "2491"]
[EventDate "2004.05.22"]
[PlyCount "96"]

1.d4 d5 2.c4 c6 3.Nc3 Nf6 4.e3 g6 5.Nf3 Bg7 6.Be2 O-O 7.O-O Be6 8.Qb3 Qb6 
9.Qa3 Re8 10.cxd5 Bxd5 11.Bd2 Bxf3 12.Bxf3 Nbd7 13.Rad1 e5 14.dxe5 Nxe5 
15.Be2 Bf8 16.Qb3 Qxb3 17.axb3 Ned7 18.Na2 Nc5 19.Nc1 Nfe4 20.Be1 Rad8 21.
f3 Rxd1 22.Bxd1 Nd6 23.Bf2 Nb5 24.e4 Rd8 25.Be3 Nd4 26.Rf2 Nb5 27.Rd2 Rxd2
28.Bxd2 Bg7 29.b4 Nd7 30.Nd3 Bd4+ 31.Kh1 Ne5 32.Nxe5 Bxe5 33.Bc1 Bd6 34.
Bd2 Be5 35.Bc1 Nc7 36.Be2 b5 37.f4 Bd4 38.b3 Bc3 39.Be3 a6 40.Bc5 Ne6 41.
Bd6 f6 42.g3 Kf7 43.Kg2 Ke8 44.Bg4 Nd4 45.Bd1 Ne6 46.Bg4 Nd4 47.Bd1 Ne6 
48.Bg4 Nd4 1/2-1/2

[Event "FIDE-Wch k.o. (Women)"]
[Site "Elista RUS"]
[Date "2004.05.25"]
[Round "2.2"]
[White "Cramling, Pia"]
[Black "Mkrtchian, Lilit"]
[Result "1-0"]
[WhiteElo "2491"]
[BlackElo "2387"]
[EventDate "2004.05.22"]
[PlyCount "77"]

1.d4 Nf6 2.Nf3 d5 3.c4 e6 4.Nc3 Be7 5.Qc2 c5 6.dxc5 Qa5 7.cxd5 Nxd5 8.Bd2 
Qxc5 9.Rc1 Nc6 10.e3 O-O 11.a3 Nf6 12.Be2 Rd8 13.O-O Bd7 14.b4 Qh5 15.Ne4 
Be8 16.Ng3 Qg6 17.e4 Nd7 18.Rfd1 a6 19.Be3 h5 20.h4 Nf6 21.Bg5 Bf8 22.Rxd8
Nxd8 23.Bd3 Bb5 24.Bxb5 axb5 25.Ne5 Qh7 26.Qd3 Nc6 27.Nxc6 bxc6 28.Bxf6 
gxf6 29.Rxc6 Qg6 30.Rc3 Qg4 31.Qxb5 Rd8 32.Qxh5 Qf4 33.Rf3 Rd1+ 34.Kh2 Qc7
35.Rxf6 Ra1 36.Rf3 Bg7 37.Qg5 Kf8 38.Rd3 f6 39.Qg6 1-0

[Event "FIDE-Wch k.o. (Women)"]
[Site "Elista RUS"]
[Date "2004.05.24"]
[Round "2.1"]
[White "Peptan, Corina-Isabela"]
[Black "Jackova, Jana"]
[Result "0-1"]
[WhiteElo "2439"]
[BlackElo "2331"]
[EventDate "2004.05.22"]
[PlyCount "46"]

1.e4 e5 2.Nf3 Nf6 3.d3 Nc6 4.g3 Bc5 5.Bg2 d6 6.O-O a6 7.c3 Ba7 8.h3 h6 9.
Kh2 Bd7 10.Nh4 g5 11.Nf5 Bxf5 12.exf5 Qd7 13.d4 O-O-O 14.dxe5 Nxe5 15.f4 
Neg4+ 16.Kh1 Rde8 17.fxg5 Nf2+ 18.Rxf2 Bxf2 19.Bd2 hxg5 20.g4 d5 21.Na3 
Qd6 22.c4 Ne4 23.Bf1 Qg3 0-1

[Event "FIDE-Wch k.o. (Women)"]
[Site "Elista RUS"]
[Date "2004.05.25"]
[Round "2.2"]
[White "Jackova, Jana"]
[Black "Peptan, Corina-Isabela"]
[Result "1/2-1/2"]
[WhiteElo "2331"]
[BlackElo "2439"]
[EventDate "2004.05.22"]
[PlyCount "109"]

1.e4 c5 2.Nf3 a6 3.c3 d5 4.exd5 Qxd5 5.d4 Nf6 6.Be2 e6 7.O-O Nc6 8.Be3 Be7
9.h3 cxd4 10.Nxd4 e5 11.c4 Qd7 12.Nxc6 Qxc6 13.Nc3 O-O 14.Rc1 Be6 15.Qa4 
Rac8 16.Qxc6 Rxc6 17.b3 Ba3 18.Rcd1 Bb4 19.Na4 b5 20.cxb5 axb5 21.Bxb5 Rc2
22.Bc4 Bxc4 23.bxc4 Ne4 24.Rd5 f6 25.Nc5 Bxc5 26.Bxc5 Rc8 27.Be3 R2xc4 28.
Rfd1 h6 29.Rd8+ Rxd8 30.Rxd8+ Kh7 31.Ra8 f5 32.g3 Nc3 33.Bd2 Ne2+ 34.Kf1 
Nd4 35.Be3 Nf3 36.Kg2 e4 37.g4 fxg4 38.hxg4 Rb4 39.Kg3 g5 40.Ra7+ Kg8 41.
Ra8+ Kf7 42.Ra7+ Kf6 43.Ra6+ Kf7 44.Ra7+ Ke8 45.Ra8+ Kd7 46.Ra7+ Kc8 47.
Ra8+ Kb7 48.Ra7+ Kb8 49.Re7 Ra4 50.Re6 Kc8 51.Rxh6 Rxa2 52.Rc6+ Kd7 53.Rc4
Ne5 54.Rxe4 Nf7 55.Rb4 1/2-1/2